[Event "HUN-chT Csongrad Region"]
[Site "Hungary"]
[Date "2015.09.20"]
[Round "1.4"]
[White "Tokes, Janos"]
[Black "Magony, Milan"]
[Result "1-0"]
[WhiteElo "1674"]
[BlackElo "1270"]
[PlyCount "91"]
[EventDate "2015.09.20"]
[EventType "team-tourn"]
[EventRounds "9"]
[EventCountry "HUN"]
[SourceTitle "EXT 2017"]
[Source "ChessBase"]
[SourceDate "2016.10.25"]
[SourceVersion "1"]
[SourceVersionDate "2016.10.25"]
[SourceQuality "1"]

1. c4 e6 2. d4 Nf6 3. Nc3 Bb4 4. e3 c5 5. Bd3 d6 6. Bd2 Bxc3 7. Bxc3 Bd7 8. f4 Bc6 9. Nf3 Qe7 10. 0-0 Ne4 11. Qc2 f5 12. dxc5 Nxc5 13. Rad1 Be4 14. Bxe4 Nxe4 15. Bb4 Nc6 16. Ba3 0-0 17. Nd2 Nc5 18. b4 Nd7 19. Nf3 a5 20. bxa5 Nc5 21. Nd4 Nxd4 22. exd4 Rxa5 23. Bb4 Ra4 24. Bxc5 Rfa8 25. Bb6 Rxa2 26. Qc1 Qd7 27. Rd2 Qc6 28. c5 R8a3 29. Rxa2 Rxa2 30. Rf2 Ra4 31. Qe3 Ra1+ 32. Rf1 Rxf1+ 33. Kxf1 Qb5+ 34. Kf2 Qb2+ 35. Kg3 Kf7 36. Bc7 d5 37. h3 h5 38. Be5 Qb4 39. Kh2 Qb2 40. Qg3 g6 41. Qg5 Qb5 42. Qf6+ Ke8 43. Qxe6+ Kd8 44. Bf6+ Kc7 45. Qd6+ Kc8 46. Qd8# 1-0

[Event "HUN-chT2 Toth 0809"]
[Site "Hungary"]
[Date "2009.04.19"]
[Round "11.8"]
[White "Balogh, David"]
[Black "Tokes, Janos"]
[Result "1-0"]
[WhiteElo "1973"]
[BlackElo "1923"]
[PlyCount "57"]
[EventDate "2008.10.26"]
[EventType "tourn"]
[EventRounds "11"]
[EventCountry "HUN"]
[SourceTitle "EXT 2010"]
[Source "ChessBase"]
[SourceDate "2010.11.25"]
[SourceVersion "1"]
[SourceVersionDate "2010.11.25"]
[SourceQuality "1"]
[WhiteTeam "Kisujszallas"]
[BlackTeam "Vasarhelyi"]
[WhiteTeamCountry "HUN"]
[BlackTeamCountry "HUN"]

1. e4 e6 2. d3 c5 3. Nf3 Nc6 4. g3 d5 5. Nbd2 Bd6 6. Bg2 Nf6 7. Qe2 dxe4 8. dxe4 Qc7 9. Nc4 Nd7 10. Nxd6+ Qxd6 11. Bf4 e5 12. Rd1 Qe7 13. Bg5 f6 14. Bc1 0-0 15. c3 Nb6 16. 0-0 Be6 17. b3 Rfd8 18. Ba3 a6 19. Qe3 Nd7 20. Nh4 Rac8 21. Nf5 Bxf5 22. exf5 b5 23. Bd5+ Kh8 24. Be6 b4 25. Bb2 Rc7 26. Qe2 Ra8 27. Qe4 Raa7 28. Bxd7 Rxd7 29. Qxc6 1-0

[Event "HUN-chT2 Toth 0809"]
[Site "Hungary"]
[Date "2008.10.26"]
[Round "1.8"]
[White "Tokes, Janos"]
[Black "Tenk, Zoltan"]
[Result "1/2-1/2"]
[WhiteElo "1923"]
[BlackElo "2145"]
[PlyCount "71"]
[EventDate "2008.10.26"]
[EventType "tourn"]
[EventRounds "11"]
[EventCountry "HUN"]
[SourceTitle "EXT 2010"]
[Source "ChessBase"]
[SourceDate "2010.11.25"]
[SourceVersion "1"]
[SourceVersionDate "2010.11.25"]
[SourceQuality "1"]
[WhiteTeam "Vasarhelyi"]
[BlackTeam "Maroczy II"]
[WhiteTeamCountry "HUN"]
[BlackTeamCountry "HUN"]

1. c4 e6 2. d4 d5 3. Nc3 Nf6 4. Bg5 Be7 5. e3 b6 6. Nf3 0-0 7. Rc1 Bb7 8. cxd5 exd5 9. Bd3 Nbd7 10. 0-0 c5 11. Bb1 Rc8 12. a3 Re8 13. Ba2 c4 14. Bb1 Ne4 15. Nxe4 dxe4 16. Bxe7 Qxe7 17. Nd2 b5 18. Qg4 Nf6 19. Qh4 Rc7 20. Rc2 Rec8 21. Rfc1 Bd5 22. Ba2 c3 23. bxc3 Bxa2 24. Rxa2 Rxc3 25. Rxc3 Rxc3 26. h3 Rxa3 27. Rxa3 Qxa3 28. Nxe4 Qc1+ 29. Kh2 Qc7+ 30. Kg1 Nd5 31. Nc5 b4 32. Qe4 Qd8 33. Nb7 Qd7 34. Nc5 Qd8 35. Nb7 Qd7 36. Nc5 1/2-1/2